kpop - Mnet asian music awards winner songs (MAMA) - Statistiques

Statistiques générales
  • Ce quiz a été pris 87 fois
  • Le résultat moyen est 5 sur 19
Statistiques - réponses
Réponse % Correct
Boy with Luv
70%
Dynamite
67%
Butter
55%
Bang Bang Bang
42%
Supernova
37%
What is Love ?
32%
Ditto
30%
Cheer Up
27%
Love Dive
25%
I Am the Best
18%
Eyes, Nose, Lips
13%
Signal
13%
Gangnam Style
10%
Bad Girl Good Girl
7%
I Don't Care
5%
Lies
5%
Bounce
2%
Nobody
2%
Partner for life
2%
Aucun quiz correspondant
Distribution des résultats
% des personnes avec chaque résultat
Percentile par nombre de réponses
Votre historique - résultats
Vous n’avez pas pris ce quiz